00952nam a2200265Ia 450000500170000000800270001702000180004408200140006210000190007624500650009525000170016030000260017749000940020350000550029765000310035265000550038370000480043894200150048626400470050133600270054833700330057533800280060804000350063699900150067120220317000324.0141031s9999 ck 000 0 spa d a978958837594604a868bB14n1 aBalmaceda, Paz13aLa novela latinoamericana según 18 autores cPaz Balmaceda a1a edición a172 páginasc22 cm. aColección voces del fuegovTestigos del bicentenario. Perfiles y Entrevistas, volumen 7 aIncluye datos biográficos del autor en la solapa142LEMBaAutoresvEntrevistas142LEMBaNovela latinoamericanaxHistoria y crítica1 aBosch, Lolita,d1970-epróloguista918855 2ddccBKLIT aCartagena de IndiasbPluma de Mompoxc2011 atextobtxt2rdacontent asin mediaciónbn2rdamedia avolumenbnc2rdacarrier aCO-BoRNBPbspaerdacCO-BoRNBP c3723d3723